Statistics for The Franklin Pierce Presidency

Click here to take the quiz!

General Stats

  • This quiz has been taken 43 times
  • The average score is 11 of 15

Answer Stats

HintAnswer% Correct
His political partyDemocratic
100%
Is controversial for being a President that was pro-_______Slavery
89%
War he served in{Mexican}-{American} War
86%
His Secretary of War, who would later lead the ConfederacyJefferson Davis
86%
The Gadsden Purchase acquired new land in these two southwestern statesArizona
86%
The Gadsden Purchase acquired new land in these two southwestern statesNew Mexico
86%
Rival party formed by antislavery NorthernersRepublican
83%
The Ostend Manifesto attempted to purchase Cuba from this countrySpain
83%
His Vice President, who died in office (hint: Monarch synonym)William R. King
80%
Lost his re-election bid to this next PresidentJames Buchanan
77%
His home stateNew Hampshire
63%
Because of the above act, a bloody conflict gave Kansas this nickname{Bleeding} Kansas
63%
Shortly before his inauguration, his son died in this accident{Train} Crash
60%
Name of his wife (hint: starts with J)Jane
51%
Act that said settlers could choose whether or not to allow slavery{Kansas}-{Nebraska} Act
51%

Score Distribution

Percentile by Number Answered

Percent of People with Each Score

Your Score History

You have not taken this quiz